Riziká v zabezpečení hypotekárnych obchodov komerčných bánk v súčasnosti bakalárska práca

Enregistré dans:
Détails bibliographiques
Auteur principal: Koreň, Peter
Collectivité auteur: Národohospodárska fakulta EU. Katedra bankovníctva a medzinárodných financií
Autres auteurs: Schwarzová, Mária
Format: Livre
Langue:slovaque
Publié: Bratislava 2017
Tags: Ajouter un tag
Pas de tags, Soyez le premier à ajouter un tag!

MARC

LEADER 00000nbm a2200000 4500
001 0235353
005 20180115153642.7
041 0 |a slo 
044 |a SK 
245 1 0 |a Riziká v zabezpečení hypotekárnych obchodov komerčných bánk v súčasnosti  |b bakalárska práca  |c Peter Koreň ; školiteľ: Mária Schwarzová 
264 1 |a Bratislava  |c 2017 
300 |a 45 s. 
100 1 |a Koreň, Peter 
700 1 |a Schwarzová, Mária 
710 2 |a Národohospodárska fakulta EU. Katedra bankovníctva a medzinárodných financií